Journal of gynecologic oncology (Record no. 12072)

000 -LEADER
fixed length control field 00845cas a2200217 a 4500
022 ## - INTERNATIONAL STANDARD SERIAL NUMBER
ISSN 2005-0399
040 ## - CATALOGING SOURCE
Transcribing agency NLM
082 ## - DEWEY DECIMAL CLASSIFICATION NUMBER
Classification number 387 KOR 2008 A017 Or.
245 00 - TITLE STATEMENT
Title Journal of gynecologic oncology
246 13 - VARYING FORM OF TITLE
Title proper/short title JGO
260 ## - PUBLICATION, DISTRIBUTION, ETC. (IMPRINT)
Place of publication Seoul :
Name of publisher Korean Society of Gynecologic Oncology and Colposcopy,
Year of publication June 2008-
260 2# - PUBLICATION, DISTRIBUTION, ETC. (IMPRINT)
Place of publication Seoul :
Name of publisher Asian Society of Gynecologic Oncology :
-- Taehan Puin Chongyang Kolpos¿Ưkopi Hakhoe
260 3# - PUBLICATION, DISTRIBUTION, ETC. (IMPRINT)
Place of publication Seoul :
Name of publisher Asian Society of Gynecologic Oncology :
-- Taehan Puin Chongyang Hakhoe
650 #0 - SUBJECT ADDED ENTRY--TOPICAL TERM
Topical Term Generative organs, Female
650 12 - SUBJECT ADDED ENTRY--TOPICAL TERM
Topical Term Genital Neoplasms, Female
710 2# - ADDED ENTRY--CORPORATE NAME
Corporate name or jurisdiction name as entry element Taehan Puin Chongyang Kolpos¿Ưkopi Hakhoe
710 2# - ADDED ENTRY--CORPORATE NAME
Corporate name or jurisdiction name as entry element Korean Society of Gynecologic Oncology
710 2# - ADDED ENTRY--CORPORATE NAME
Corporate name or jurisdiction name as entry element Asian Society of Gynecologic Oncology
710 2# - ADDED ENTRY--CORPORATE NAME
Corporate name or jurisdiction name as entry element National Institutes of Health (U.S.). PubMed Central
942 ## - ADDED ENTRY ELEMENTS (KOHA)
Koha item type សៀវភៅភាសាអង់គ្លេស
952 ## - LOCATION AND ITEM INFORMATION (KOHA)
Withdrawn status [LOCAL, KOHA] 0
Holdings
Permanent Location Date acquired Koha item type Lost status Shelving location Barcode Current Location Full call number
Library Block A2017-08-09សៀវភៅភាសាអង់គ្លេស A017A14505Library Block A387 KOR 2008 A017 Or.
មជ្ឈមណ្ឌលឯការនៃសាកលវិទ្យាល័យភូមិន្ទកសិកម្មចំការដូង

Powered by Koha